000 00675nam a2200193 a 4500
001 000040989
005 20201002034530.0
008 090715s2012 dr 000 0 spa d
040 _aDO-SdBNP
_bspa
_cBNPHU
082 _axxx
_bxx
110 1 _aRepública Dominicana
_9447
240 1 0 _aCódigo de trabajo
245 1 0 _aCódigo de trabajo y reglamentos de la Repúbliica Dominicana :
_bley 16-92 y dec. 258-93; modificada y actualizada /
_ccompilador Carlos García.
250 _a11a. ed.
260 _aMoca, República Dominicana :
_bDalis,
_c2012.
300 _a336 p. : ;
_c15 cm.
700 1 2 _aGarcía, Carlos
_ecomp.
_967425
700 1 2 _aAcosta, Juan Pablo
_ecompl
_911716
999 _c40479
_d40479